| 000 | 00944cam a2200253 i 4500 | ||
|---|---|---|---|
| 003 | SA-RiAUC | ||
| 005 | 20250114090107.0 | ||
| 008 | 250108q19001999le g b 000 0 ara c | ||
| 040 |
_aJO-AmJU _bara _cSA-RiAUC _erda |
||
| 082 | 0 | 4 |
_a247 _qSA-RiAUC |
| 090 |
_a247 _bم غ ن |
||
| 100 | 1 |
_aمغنية، محمد جواد، _d1904-1979 _eمؤلف. |
|
| 245 | 1 | 2 |
_aالشيعة في الميزان / _cمحمد جواد مغنية. |
| 264 | 1 |
_aبيروت ؛ _aالقاهرة : _bدار الشروق، _c[بين 1900 و1999] |
|
| 300 |
_a479 صفحة ؛ _c24 سم |
||
| 336 |
_aنص _btxt _2rdacontent _3كتاب |
||
| 337 |
_aبدون وسيط _bn _2rdamedia |
||
| 338 |
_aمجلد _bnc _2rdacarrier |
||
| 504 | _aيشتمل على إرجاعات ببليوجرافية. | ||
| 650 | 7 |
_aالشيعة (فرقة إسلامية) _2aucsh |
|
| 650 | 7 |
_aعقائد الشيعة _2aucsh |
|
| 942 |
_2ddc _cBOOK _n0 |
||
| 949 |
_aSA-JeALM _d250108 _uosman123 _n1 |
||
| 999 |
_c4770 _d4770 |
||